| 000 | 01614 a2200241 4500 | ||
|---|---|---|---|
| 999 |
_c460890 _d460890 |
||
| 003 | UA-OsUOA | ||
| 005 | 20200807131644.0 | ||
| 008 | 200807b un ||||| |||| 00| 0 ukr d | ||
| 020 | _a9786176522171 | ||
| 040 |
_aUA-OsUOA _bukr _cUA-OsUOA _dUA-OsUOA |
||
| 041 | _aukr | ||
| 080 | _a82.09 | ||
| 090 |
_a82.09 _bМ 48 |
||
| 100 | _aМельничук Б. | ||
| 245 |
_aОлесь Гончар і Буковина _bлітературно-краєзнавче дослідження _cБогдан Мельничук |
||
| 260 |
_bМісто _c2018 _aЧернівці |
||
| 300 |
_a80 с. _eіл. |
||
| 520 | _aУ дослідженні "Олесь Гончар і Буковина" йдеться про чотири відвідини великим українцем нашого краю, про його взаємини з діячами Чернівеччини, про осмислення визначної постаті буковинськими авторами, а також про буковинські відлуння в книзі спогадів дружини О. Гончара Валентини Данилівни і в її листах, адресованих до Чернівців, та про відзначення пам'яті великого майстра українського слова у місті над прутом. | ||
| 650 |
_2UDC _a82 Література. Літературознавство |
||
| 942 |
_cBK _2udc |
||
| 955 | _a1 | ||